First Country Alphabetically For Each Letter - Statistics

General Stats
  • This quiz has been taken 68 times
  • The average score is 15 of 24
Answer Stats
Letter Country % Correct
Z Zambia
86%
O Oman
84%
Q Qatar
84%
Y Yemen
82%
A Afghanistan
81%
B Bahamas
77%
V Vanuatu
72%
H Haiti
70%
J Jamaica
65%
K Kazakhstan
63%
G Gabon
61%
I Iceland
61%
C Cambodia
60%
L Laos
58%
P Pakistan
58%
N Namibia
56%
D Democratic Republic of the Congo
51%
U Uganda
51%
E East Timor
49%
M Macedonia
47%
F Federated States of Micronesia
44%
R Rep. of the Congo
39%
S Saint Kitts and Nevis
32%
T Taiwan
32%
No matching quizzes found
Score Distribution
Percent of People with Each Score
Percentile by Number Answered
Your Score History
You have not taken this quiz